000 01233nam a2200313 i 4500
003 MY-SjTCS
005 20260226132755.0
008 230125s2024 njuab b 001 0 eng d
020 _a9781119897903
_qpaperback
040 _aWaSeSS/DLC
_beng
_erda
_cDLC
_dMY-SjTCS
082 0 4 _a302.23
_bBAL 2024
100 _aBaldwin, John R.,
_d1960-
_eauthor.‡
_9285474
245 1 0 _aIntercultural communication for everyday life /
_cJohn R. Baldwin, Alberto González, Nettie Brock, Ming Xie, and Chin-Chung Chao.
250 _aSecond edition
264 1 _aHoboken, NJ, USA :
_bJohn Wiley & Sons,
_c2024.
300 _axix, 355 pages :
_billustrations (chiefly colour), maps (some colour) ;
_c24 cm.
336 _atext
_2rdacontent.
336 _astill image
_2rdacontent.
337 _aunmediated
_2rdamedia.
338 _avolume
_2rdacarrier.
504 _aIncludes bibliographical references and index.
650 0 _aIntercultural communication
_938652
650 0 _aCommunication
_xPhilosophy.
_98163
700 1 _aGonzález, Alberto,
_d1954-
_eauthor.
_959504
700 1 _aBrock, Nettie,
_eauthor.
_9309083
700 1 _aXie, Ming,
_d1980-
_eauthor.
_9309080
700 1 _aChao, Chin-Chung,
_eauthor.
_9309081
920 _aSOMAC: 338989
999 _c192569